000 00705nam a2200229Ia 4500
001 dia_1741
003 CHAP
005 20251023160004.0
008 220117s1981 xx 000 0 und d
010 _a172278
040 _cCHAP
082 _a630.972 G8
100 _aGutierrez Soria, Pedro
_951841
245 _aCompilación de Materiales Periodisticos de Interes Universitario. /
_c por Pedro Gutierrez Soria
260 _aMéxico. Chapingo. Departamento de Zootecnia
_c1981
300 _a4 vols
650 _aAgricultura
_xinvestigación
_xMéxico.
_91643
901 _a630.972 G8
902 _aM
905 _a0000001981 MEXX 0000000000ESP00
942 _cLIBRO
_2ddc
999 _c172278
_d172278